000 00874nam0a22002411 4500
001 rc\2855216
005 20250529205322.0
035 _a(NLR Aleph) 007009878
090 _a5803755
_c5803755
100 _a20110707d1928 |||y0rusy50 ca
101 0 _arus
102 _aRU
105 _aa z |||||
200 1 _aЭтюды по расчету и конструированию центробежных вентиляторов
_fД.В. Спецци
210 _aТомск
_cБ. и.
_d1928
215 _a[2], 12 с., [4] л. черт.
_cчерт.
_d25 см
225 1 _aИзвестия Сибирского технологического института
_vТ. 49, вып. 2, 1928
700 1 _aСпецци
_bД.В.
_gДмитрий Васильевич
801 0 _aRU
_bNLR
_gpsbo
801 1 _aRU
_bELAR
_2rusmarc
852 _aNLR
_jП10/150
942 _cBOOK
980 _aNB